Quizzes
Events
Quiz Creation
Community
Videos
Private Events
Remove Ads
Sign In
Join for FREE
Feedback
Dark Mode
Quiz Categories
Sports
Geography
Music
Movies
Television
Just For Fun
Miscellaneous
History
Literature
Language
Science
Gaming
Entertainment
Religion
Holiday
For Kids
Quiz Lab
Recent
Popular Today
Quiz Kudos Today
Editor Picks
Curator Picks
Quizzes by...
Day
Popularity
Type
Ratings
Length
Year
Community
Subscriptions
Recent Discussions
Orange Saloon
Badges
Playlists
Quests
Create
Leaderboards
Showdown
Live 5
Trivia Bingo
Activity
Puzzle Library
Sporcle Events
Private Events
Virtual Trivia
Globe League
Become a Host
Pub Owners
SporcleCon
Opinionation
Our Games
Videos
Blog
Mobile Apps
Partnerships
Remove Ads and Go Orange
Feedback
Movies
Disney
Marvel Cinematic Universe
Movie Resume
Movie Titles
Oscar
Actor
Actress
Director
Pixar
Role
Movie Quotes
Movie Characters
Box Office
Nominee
Best Picture
Star Wars
James Bond
Horror Movies
Movies
Disney
Marvel Cinematic Universe
Movie Resume
Movie Titles
Oscar
Actor
Actress
Director
Pixar
Role
Movie Quotes
Movie Characters
Box Office
Nominee
Best Picture
Star Wars
James Bond
Horror Movies
Random Quiz
Search Sporcle
×
Quiz Lab
Quiz Lab
Movies
start
Type in answers that appear in a list
Type in answers that appear in a list
Classic
Best Score? Go Orange.
'Q' in Movies Stats
Can you answer these movie questions (all answers start with Q)?
By
Emberton_Tower
6m
16 Questions
69 Plays
69 Plays
69 Plays
Comments
Comments
Give Quiz Kudos
Give Quiz Kudos
-
- Ratings
hide this ad
Replay
Link that replays current quiz
Next Quiz
Link to next quiz in quiz playlist
You Got
0%
They Got
Avg Score
67%
Avg Friend Score
Upgrade to see
Score Distribution
Jump to the score distribution portion of the page
Score
0/16
Timer
06:00
0
Plays Today
Question
Answer
% Correct
What 2008 James Bond movie involves a plot to instigate regime change in Bolivia?
Quantum of Solace
95.7%
What 2006 movie starred Helen Mirren as Elizabeth II and Michael Sheen as Tony Blair?
The Queen
94.2%
What surname is shared by actor brothers Randy ('Midnight Express') and Dennis ('Breaking Away')?
Quaid
91.3%
What 1994 Robert Redford film is based on real-
life TV game show scandals?
Quiz Show
88.4%
Who stepped into the role of Spock for the 2009 'Star Trek' reboot?
Zachary Quinto
81.2%
What is omitted from the titles 'Who Framed Roger Rabbit,' 'What's Eating Gilbert Grape,' and 'What's Love Got to Do with It'?
question mark
81.2%
What Chihuahua-
born actor won his first Oscar for 'Viva Zapata!'
Anthony Quinn
73.9%
What U.S. vice president was thanked in the credits of 'Leprechaun' after his office quickly issued a work visa for star Warwick Davis?
Dan Quayle
72.5%
Question
Answer
% Correct
What 2000 Kate Winslet movie sees her smuggle the manuscripts of the Marquis de Sade (Geoffrey Rush) from the asylum in which he's confined?
Quills
66.7%
What branch of science is the focus of 2004 quasi-
documentary 'What the Bleep Do We Know'?
quantum physics
53.6%
Who received Oscar nominations for her parts in 'Apollo 13' and 'I Never Promised You a Rose Garden'?
Kathleen Quinlan
53.6%
What 1979 youth drama featured the music of The Who?
Quadrophenia
53.6%
In what 1952 film does a retired boxer (John Wayne) return to his birthplace in Ireland?
The Quiet Man
47.8%
What is the subtitle of the first Highlander sequel?
The Quickening
46.4%
What 1951 historical epic, starring Robert Taylor, Deborah Kerr, and Peter Ustinov, garnered 8 Oscar nominations?
Quo Vadis
39.1%
What 1983 caveman epic won a Makeup Oscar?
Quest for Fire
37.7%
Quiz Playlist
Details
Report
Send in Message
Add To Playlist
Classic:
Type in answers that appear in a list
Last Updated: Feb 9, 2020
Quiz Scoreboard
CHALLENGE
Sign Up to Join the Scoreboard
Show All
Scores
Hide
Comments
May contain spoilers
Recently Published
Presidents Visiting Landmarks
by Hejman
History
7m
An Introduction to Baseball
by treessimontrees
Sports
5m
Movies - When Are They Set?
by FPL_Elf
Movies
5m
More to Explore
Quiz From the Vault
Featured Blog Post
Where Did the Easter Bunny Come From?
hide this ad
You Might Also Like...
Tags
start
Today's Top Quizzes in Movies
Browse Movies
hide this ad
Today's Top Quizzes in start
Browse start
Top Contributed Quizzes in Movies
1
Pick 5 Posters: Directed by Spielberg
2
7-to-1: Pixar Characters
3
Pick 5 Posters: Lowest-Rated Spielberg
4
Pick 5 Posters: Directed by Scorsese
5
Pick 5 Posters: Star & Director
6
Sorting Actors
7
Sorting Actresses
8
12 Movies about Fictional 1960s Events
9
Multi-Oscar Nominations, One Movie, One Winner
10
Pick 5 Posters: Women Directed 2020s
Explore More
Trending Topics
Kpop
Harry Potter
Disney
Crossword
Anime
NBA
Marvel
The Office
WWE
Puzzle
Country
Soccer
NFL
Song
Pokémon
hide this ad
More By:
Emberton_Tower
Quiz
Plays
Rating
Category
Featured
Created
Top 4 World Cup Finish Without Ever Winning
78,868
4.81
Sports
Jan 17, 2017
It Never Happened!
21,633
3.96
Miscellaneous
Feb 8, 2017
I Never Won...
12,615
4.52
Miscellaneous
Feb 3, 2017
Poetry Verses Missing a Word (A-Z)
6,609
4.77
Literature
Jan 17, 2017
Which Poet Wrote It? (A-Z)
6,559
4.48
Literature
Jan 30, 2017
Go to Creator's Profile
Score Distribution
Quiz Creator Spotlight
Emberton_Tower
Follow
Send a Message
Quizzes Created
-
Created Quiz Play Count
-
More By This Creator
Popular Quizzes Today
1
Find the US States - No Outlines Minefield
2
Find the Countries of Europe - No Outlines Minefield
3
The Countries of the World
4
Find the US States
5
Popular People in 1961
6
US States
7
Risky Map Clicking: Biggest States A-Z
8
Movies - When Are They Set?
More Movies Quizzes
Pixar Movies
Published
Trending Quizzes
Risky Map Clicking: Least Populous States A-Z
1-10 Letter G Words
1-10 Letter F Words
Risky Map Clicking: Next State Alphabetically
Risky Map Clicking: Biggest States A-Z
Recently Updated
Leaping Animals
pecheneg
Reality TV Shows (A-Z)
bhenderson79
Rickey Henderson's Hall of Fame Teammates
pecheneg
Champions League XIs: Arsenal
pecheneg
Quick Pick: Celebrities in WWE's Hall of Fame
aduchscher
A-Z Keypad Blitz II
pecheneg
Multiple Oscar Actors
pecheneg
Mystery Phrase Blitz: Oscar 'Best Actors'
pecheneg
F. Scott Fitzgerald Novels
LTH
Pick 3 Villains
ddd62291
Trending Topics
Anime
Crossword
Marvel
NBA
Disney
Harry Potter
Kpop
Soccer
Song
The Office
NFL
Country
Puzzle
Pokémon
WWE
Your Account Isn't Verified!
In order to create a playlist on Sporcle, you need to verify the email address you used during registration. Go to your
Sporcle Settings
to finish the process.
Report this User
Report this user for behavior that violates our
Community Guidelines
.
Details:
Send Report
Go to the Sporcle.com Mobile Site →
Comments